Riverdale - Statistics

General Stats
  • This quiz has been taken 160 times
  • The average score is 13 of 15
Answer Stats
Hint Answer % Correct
Redheaded main character Archie Andrews
97%
Was murdered in Season 1 Jason Blossom
97%
School they all go to Riverdale High
96%
Father of above Fred Andrews
95%
Blonde main character Betty Cooper
94%
Sibling of Above Cheryl Blossom
93%
Main character who always has a beanie on Jughead Jones
93%
Main character who always wears pearls Veronica Lodge
92%
The killer in Season 2 The Black Hood
90%
The killer in Season 1 Clifford Blossom
86%
Blonde character's signature hairstyle Ponytail
79%
Actor who plays the father RIP Luke Perry
77%
The killer in Season 3 The Gargoyle King
62%
The first person killed in Season 2 Geraldine Grundy
61%
The first person killed in Season 3 Dilton Doiley
52%
No matching quizzes found
Score Distribution
Percent of People with Each Score
Percentile by Number Answered
Your Score History
You have not taken this quiz